[Event "BRA-ch U14 Girls"]
[Site "Florianopolis"]
[Date "2019.04.20"]
[Round "4"]
[White "Aguiar, Luisa Oliveira"]
[Black "Brensis, Maria Gabriela"]
[Result "1-0"]
[WhiteElo "1295"]
[BlackElo "1800"]
[PlyCount "79"]
[EventDate "2019.04.18"]
[EventType "swiss"]
[EventRounds "6"]
[EventCountry "BRA"]
[SourceTitle "CBM 190 Extra"]
[Source "ChessBase"]
[SourceDate "2019.07.15"]
[SourceVersion "1"]
[SourceVersionDate "2019.07.15"]
[SourceQuality "1"]

1. d4 Nf6 2. Nf3 Nc6 3. e3 e6 4. Bd3 d5 5. c3 Bd6 6. Nbd2 0-0 7. 0-0 Ne7 8. Qe2 c6 9. e4 dxe4 10. Nxe4 Ned5 11. Nxd6 Qxd6 12. Bc2 Nf4 13. Qd2 N4h5 14. Bd1 Ng4 15. h3 Ngf6 16. Qc2 b6 17. Ng5 Nf4 18. Ne4 Qd5 19. Bf3 Qf5 20. Re1 e5 21. dxe5 Qxe5 22. Qd2 N6d5 23. c4 f5 24. Ng3 Qf6 25. cxd5 cxd5 26. Qxf4 Bd7 27. Bxd5+ Kh8 28. Bxa8 Rxa8 29. Nh5 Qg6 30. Qh4 Bc6 31. Qg3 Qxh5 32. f3 Rd8 33. Qc7 Rg8 34. Qxc6 h6 35. Re5 Qg6 36. Qxg6 f4 37. Bxf4 a5 38. Bxh6 b5 39. Re8 Rxe8 40. Qxg7# 1-0